000 00576nam a2200217 a 4500
999 _c6921
_d6921
001 6921
003 BD-JhCC
005 20180201095700.0
008 180201s1964 e |||| || | 000 0 eng d
035 _a(BD-JhCC)6921
040 _aBD-JhCC
_dBD-JhCC
041 _aeng
082 _a960
_bNIC 1964
100 _aNicol, Davidson
245 _aAfrica- A Subjective View /
_c Davidson Nicol,
260 _aLondon :
_bLongmans and Ghana University Press,
_c1964
300 _a87 p. :
_c18 cm.
650 _aPolitics and Government
_zAfrica
942 _2ddc
_cBK